banner koha

Perspectivas sociológicas: uma visão humanística / (Registro n. 6918)

MARC details
000 -LÍDER
campo de controle de tamanho fixo 01021nam a2200229 a 4500
001 - NÚMERO DE CONTROLE
campo de controle BS0001858
003 - IDENTIFICADOR DO NÚMERO DE CONTROLE
campo de controle BR-BrBNA
005 - DATA E HORÁRIO DA ÚLTIMA TRANSAÇÃO
campo de controle 20230728121214.0
008 - CAMPO DE DADOS FIXOS--INFORMAÇÃO GERAL
campo de controle de tamanho fixo 230308b |||||||| |||| 00| 0 por d
040 ## - FONTE DA CATALOGAÇÃO
Instituição da catalogação original BR-BrBNA
Idioma da catalogação por
Instituição que transcreveu o registro Biblioteca Nacional de Agricultura
041 ## - CÓDIGO DE IDIOMA
Código do idioma do texto/trilha sonora ou título diferente por
072 ## - CÓDIGO DE CATEGORIA DE ASSUNTO
Código de Categoria de Assunto B55
090 ## - NÚMERO DE CHAMADA LOCAL
Número de chamada B55 BS0001858
100 1# - ENTRADA PRINCIPAL--NOME PESSOAL
Nome pessoal Berger, P.L.
245 1# - TÍTULO
Título Perspectivas sociológicas: uma visão humanística /
250 1# - EDIÇÃO
Edição 21. ed.
260 3# - PUBLICAÇÃO, DISTRIBUIÇÃO, ETC.
Local de publicação, distribuição, etc. Petrópolis, RJ:
Nome do editor, distribuidor, etc. Vozes,
Data da publicação, distribuição, etc. 2000.
300 ## - DESCRIÇÃO FÍSICA
Extensão 202 p.
520 3# - NOTA DE RESUMO, ETC
Resumo, etc. O sociólogo é uma pessoa, um profissional que se ocupa de compreender a sociedade de uma maneira disciplinada. Isto significa que aquilo que o sociólogo descobre e afirma a respeito dos fenômenos sociais que estuda ocorre dentro de um certo quadro de referência de limites rigorosos Como cientista, o sociólogo tenta ser objetivo, controlar suas preferências e preconceitos pessoais, perceber claramente ao invés de julgar normativamente.
650 ## - ASSUNTO--TERMO TÓPICO
Cabeçalho tópico ou nome geográfico SOCIOLOGIA
942 ## - ELEMENTOS DE ENTRADA ADICIONADOS (KOHA)
Tipo de material Koha Livros
Fonte da classificação ou esquema de arquivamento na estante Classificação AGRIS
Exemplares
Situação do descarte Fonte da classificação ou esquema de arquivamento na estante Situação física Não pode ser emprestado Coleção Biblioteca de origem Biblioteca atual Total de empréstimos Número de telefone completo Código de barras Data de último acesso Número do exemplar Tipo de material Koha Situação das perdas Data de aquisição Fonte de aquisição Qualificador de local codificado
  Classificação AGRIS     Acervo Cultural Biblioteca Nacional de Agricultura - Binagri Biblioteca Nacional de Agricultura - Binagri   B55 BS0001858 B55 BS0001858 12/04/2023 01 Livros   2023-04-04 Doação B55

BINAGRI

Telefone: (61)3218-2567/2388/3357/2097 - binagri@agro.gov.br

Ministério da Agricultura e Pecuária , Esplanada dos Ministérios, Bloco D, Anexo B, Brasília/DF, CEP: 70.043-900